| 000 | 00820cab a2200241 4500 | ||
|---|---|---|---|
| 001 | X95941 | ||
| 008 | 090401t1998 xxu||||| |||| 00| 0 eng d | ||
| 035 | _a(Sirsi) u90574 | ||
| 041 | _aeng | ||
| 245 | _aAndrew and Christopher Banks v Andreas and Maro Kokkinos | ||
| 260 | _c1998 | ||
| 350 | _a0 | ||
| 490 |
_aNew Property Cases _v[1998] NPC 171 |
||
| 520 | _aChD 17 December 1998. Two conflicting precedents in relation to identical clauses. Visionhire followed. Headnote from journal - No photocoping allowed. | ||
| 650 | _aANDREW AND CHRISTOPHER BANKS V ANDREAS AND MARO KOKKINOS | ||
| 650 | _aCONFLICT | ||
| 650 | _aINDEPENDENT EXPERT | ||
| 650 | _aPRESUMPTION OF REBUTTAL | ||
| 650 | _aRENT REVIEWS | ||
| 690 | _aLANDLORD AND TENANT-CASE LAW-BUSINESS TENANCIES | ||
| 942 | _n0 | ||
| 948 | _c07/01/1999 | ||
| 999 |
_c57437 _d57437 |
||